Szczegóły MARC
| 000 -Nagłówek |
| fixed length control field |
02357cam a2200577 i 4500 |
| 001 - Nr kontrolny bibl., która utworzyła rek. |
| control field |
xx001936151 |
| 003 - Siglum bibl., której nr kontr. jest w 001 |
| control field |
NUKAT |
| 005 - Data i czas ostatniej operacji |
| control field |
20260421110027.0 |
| 008 - Elementy pola stałej długości |
| fixed length control field |
110124s2010 pl a |001 0 pol c |
| 020 ## - ISBN |
| ISBN |
9788323222125 |
| dopowiedzenie |
(oprawa miękka) |
| 035 ## - Systemowy numer kontrolny |
| systemowy numer kontrolny |
(OCoLC)750899813 |
| 035 ## - Systemowy numer kontrolny |
| systemowy numer kontrolny |
(NUKAT)xx001936151 |
| 040 ## - Instytucja sporządzająca opis |
| Instytucja, która sporządziła opis |
SZCZ M/KB |
| język katalgowania-trzyzn. kod |
pol |
| zasady opisu |
rda |
| Instytucja, która sporządziła rekord |
SZCZ M/KB |
| Instytucja, która zmodyfikowała rekord |
WA U/DNs |
| -- |
GD PAN/JSs |
| -- |
OLSZT 008/bak |
| 041 0# - Kod nazwy języka dokumentu |
| Język tekstu |
pol |
| Język streszczeń |
eng |
| 046 ## - Kod rodz. daty, data1, data2 (daty pne) |
| Begin/single date |
2010 |
| 245 00 - Tytuł właściwy i oznaczenie odpow. |
| tytuł |
Fenomen ducha Europy / |
| dod. inf. ze s. tyt./ozn. odpow. |
redakcja naukowa Marek Jędraszewski, Mirosław Loba, Dorota Jewdokimow. |
| 260 ## - Adres wydawniczy |
| miejsce wydania, dystrybucji itp. |
Poznań : |
| nazwa wydawcy, dystrybutora itp. |
Wydawnictwo Naukowe Uniwersytetu im. Adama Mickiewicza, |
| data wydania, dystrybucji itp. |
2010. |
| 300 ## - Opis fizyczny |
| objętość i/lub forma materiału |
314 stron, [8] strony tablic ; |
| format |
24 cm. |
| 336 ## - Content Type |
| Term |
Tekst |
| Code |
txt |
| Source |
rdacontent |
| 337 ## - Media Type |
| Term |
Bez urządzenia pośredniczącego |
| Code |
n |
| Source |
rdamedia |
| 338 ## - Carrier Type |
| Term |
Wolumin |
| Code |
nc |
| Source |
rdacarrier |
| 380 ## - Form of work |
| Form of work |
Książki |
| 380 ## - Form of work |
| Form of work |
Publikacje naukowe |
| 388 1# - TIME PERIOD OF CREATION |
| Time period of creation term |
2001- |
| 490 1# - Tytuł serii i ks. wielotom.-nie do wysz. |
| oznaczenie serii |
Seria Filozofia i Logika / Uniwersytet im. Adama Mickiewicza w Poznaniu, |
| ISSN |
0083-4246 ; |
| numer woluminu |
nr 109 |
| 500 ## - Uwaga ogólna |
| uwaga ogólna |
Noty o autorach. |
| 504 ## - Uwaga o bibliografii |
| uwaga o bibliografii |
Indeks. |
| 546 ## - Uwaga o języku opisywanego materiału |
| uwaga o języku |
Streszczenie w języku angielskim. |
| 650 #7 - Hasło przedmiotowe-nazwa pospolita |
| nazwa pospolita lub geogr. |
Chrześcijaństwo |
| źródło hasła |
DBN |
| 9 (RLIN) |
40337 |
| 650 #7 - Hasło przedmiotowe-nazwa pospolita |
| nazwa pospolita lub geogr. |
Filozofia kultury |
| źródło hasła |
DBN |
| 9 (RLIN) |
40338 |
| 650 #7 - Hasło przedmiotowe-nazwa pospolita |
| nazwa pospolita lub geogr. |
Integracja europejska |
| źródło hasła |
DBN |
| 9 (RLIN) |
38005 |
| 650 #7 - Hasło przedmiotowe-nazwa pospolita |
| nazwa pospolita lub geogr. |
Kultura |
| źródło hasła |
DBN |
| 9 (RLIN) |
35073 |
| 650 #7 - Hasło przedmiotowe-nazwa pospolita |
| nazwa pospolita lub geogr. |
Świadomość społeczna |
| źródło hasła |
DBN |
| 9 (RLIN) |
35235 |
| 650 #7 - Hasło przedmiotowe-nazwa pospolita |
| nazwa pospolita lub geogr. |
Kultura |
| określnik rzeczowy |
filozofia |
| określnik chronologiczny |
20 w. |
| źródło hasła |
kaba |
| 9 (RLIN) |
40339 |
| 650 #7 - Hasło przedmiotowe-nazwa pospolita |
| nazwa pospolita lub geogr. |
Chrześcijaństwo |
| określnik geograficzny |
Europa |
| określnik chronologiczny |
1990-. |
| źródło hasła |
kaba |
| 9 (RLIN) |
40340 |
| 650 #7 - Hasło przedmiotowe-nazwa pospolita |
| nazwa pospolita lub geogr. |
Chrześcijaństwo |
| określnik geograficzny |
Europa |
| określnik rzeczowy |
historia. |
| źródło hasła |
kaba |
| 9 (RLIN) |
40341 |
| 651 #7 - Hasło przedmiotowe-nazwa geogr. |
| nazwa geograficzna |
Europa |
| źródło hasła |
DBN |
| 9 (RLIN) |
35699 |
| 651 #7 - Hasło przedmiotowe-nazwa geogr. |
| nazwa geograficzna |
Europa |
| określnik rzeczowy |
cywilizacja |
| określnik chronologiczny |
1990-. |
| źródło hasła |
kaba |
| 9 (RLIN) |
40342 |
| 651 #7 - Hasło przedmiotowe-nazwa geogr. |
| nazwa geograficzna |
Europa |
| określnik rzeczowy |
cywilizacja |
| -- |
historia. |
| źródło hasła |
kaba |
| 9 (RLIN) |
40343 |
| 655 #7 - Termin określający rodzaj/formę |
| rodzaj/forma |
Praca zbiorowa |
| źródło terminu |
DBN |
| 9 (RLIN) |
35107 |
| 658 ## - Nazwa określająca cel programu nauczania |
| główny cel programu nauczania |
Etnologia i antropologia kulturowa |
| 658 ## - Nazwa określająca cel programu nauczania |
| główny cel programu nauczania |
Religia i duchowość |
| 658 ## - Nazwa określająca cel programu nauczania |
| główny cel programu nauczania |
Socjologia i społeczeństwo |
| 700 1# - Hasło dodatkowe - nazwa osobowa |
| nazwa osobowa |
Jewdokimow, Dorota |
| tytuł i in. dopow. dot. nazwy |
(kulturoznawstwo). |
| rodzaj współpracy |
Redakcja |
| 9 (RLIN) |
40335 |
| 700 1# - Hasło dodatkowe - nazwa osobowa |
| nazwa osobowa |
Jędraszewski, Marek |
| daty biograficzne |
(1949- ). |
| rodzaj współpracy |
Redakcja |
| 9 (RLIN) |
40333 |
| 700 1# - Hasło dodatkowe - nazwa osobowa |
| nazwa osobowa |
Loba, Mirosław |
| daty biograficzne |
(1961- ). |
| rodzaj współpracy |
Redakcja |
| 9 (RLIN) |
40334 |
| 710 2# - Hasło dodatkowe - nazwa ciała zbior. |
| nazwa ciała zbior. lub nazwa geogr. |
Uniwersytet im. Adama Mickiewicza (Poznań). |
| nazwa jednostki podrzędnej |
Wydawnictwo Naukowe. |
| rodzaj współpracy |
Wydawca |
| kod rodzaju współpracy |
pbl |
| 9 (RLIN) |
22738 |
| 830 #0 - Hasło dod. serii i op. ks. wielotom. -tyt |
| tytuł |
Filozofia i Logika (Uniwersytet im. Adama Mickiewicza w Poznaniu) |
| nukat |
0083-4246 |
| oznaczenie tomu |
nr 109 |
| 9 (RLIN) |
40336 |
| 920 ## - ISBN |
| ISBN |
978-83-232-2212-5 (oprawa miękka) |
| 942 ## - ADDED ENTRY ELEMENTS (KOHA) |
| Source of classification or shelving scheme |
Dewey Decimal Classification |
| Koha item type |
pozycje dostępne na miejscu |